000 01387nam0a2200373 4500
001 RU\NLR\BIBL_A\012498773
005 20220324103115.0
010 _a978-5-9951-4628-5
_93000
021 _aRU
_bКН-П-20-078351
_9КН-П-20-5927
035 _a(NLR Aleph) 012498773
035 _a(RuMoRGB)010505862
090 _a12218263
_c12218263
100 _a20210408d2020 c y0rusy50 ca
101 1 _arus
_cund
102 _aRU
105 _a z 000 y
181 0 _ab2
_bab2e
181 0 _ai1
_bab2e
182 0 _an
200 1 _aКто украл орехи?
_e[для детей младшего школьного возраста]
_fЧон Хань
_gхудожник И Ран Ким
203 _aИзображение
_aТекст
_bвизуальные
_cнепосредственные
210 _aМосква
_cСтрекоза
_d2020
215 _a[32] с.
_cцв. ил.
_d27
225 1 _aСерия "Non fiction"
686 0 _aШ9(5Ко)60-4
700 0 _aЧон Хань
_3RU\NLR\AUTH\770240487
702 0 _aИ Ран Ким
_4040
942 _cBOOK
980 _aNBR
980 _aNB